LEADER 00934nam0 2200265 450 001 000017100 005 20081007113413.0 100 $a20081007d1975----km-y0itay50------ba 101 0 $aita 102 $aIT 105 $aaf------001yy 200 1 $aInterdipendenze strutturali e contabilità nazionale$ele tavole delle transazioni riferite all'economia italiana$fNicolò De Vecchi 210 $aMilano$cEtaslibri$d1975 215 $aVIII, 106 p., [3] tav. ripieg.$d21 cm 225 2 $aTesti universitari$eStudi di economia 410 0$12001$aTesti universitari 610 1 $aContabilità nazionale 610 1 $aInterdipendenze 676 $a330.1$9Sistemi e teorie economiche 700 1$aDe Vecchi,$bNicolò$0367519 801 0$aIT$bUNIPARTHENOPE$c20081007$gRICA$2UNIMARC 912 $a000017100 951 $a224/7$b364$cNAVA2 996 $aInterdipendenze strutturali e contabilità nazionale$9461787 997 $aUNIPARTHENOPE